00742nam a2200217 i 4500003000900000005001700009007000300026008004100029020001800070040003000088082001300118100002700131245010800158264003600266300002600302336002700328337003300355338002800388500008200416700002600498DO-SdBNP20240412113226.0ta240412b2023 dr ||||| |||| 00| 0 spa d a9789945223118 aDO-SdBNPbspacBNPHUerda 222bS944 aSuero, Pridah eautora10aSueros de transformación :b42 infusiones para una vida en excelencia /cPridah suero, Heraldo Suero  1aSanto Domingo ;bBúho,c2023. a144 páginasc21 cm. 2rdacontentatextobtxt 2rdamediaasin mediaciónbn 2rdacarrieravolumenbnc aIncluye datos biografícos de los autores en la solapa de la contraportada. 1 aSuero, Heraldoeautor